Probability & Statistics STAT-835 Fall 2014 MS.Construction Engg MGMT MS.CEM (Record no. 553658)
[ view plain ]
| 000 -LEADER | |
|---|---|
| fixed length control field | 00394nam a22001217a 4500 |
| 082 ## - DEWEY DECIMAL CLASSIFICATION NUMBER | |
| Classification number | CP-31 |
| Author Mark | STAT-835 |
| 100 ## - MAIN ENTRY--PERSONAL NAME | |
| Personal name | Dr Muhammad Irfan |
| 9 (RLIN) | 17128 |
| 245 ## - TITLE STATEMENT | |
| Title | Probability & Statistics STAT-835 Fall 2014 MS.Construction Engg MGMT MS.CEM |
| Statement of responsibility, etc. | Dr Muhammad Irfan |
| 250 ## - EDITION STATEMENT | |
| Edition statement | Fall 2014 MS.Construction Engg MGMT |
| 260 ## - PUBLICATION, DISTRIBUTION, ETC. | |
| Place of publication, distribution, etc. | Risalpur |
| Name of publisher, distributor, etc. | MCE |
| Date of publication, distribution, etc. | 2016 |
| 526 ## - STUDY PROGRAM INFORMATION NOTE | |
| Program name | 0 |
| Interest level | 1 |
| Reading level | 0 |
| Title point value | CP_31_STAT835 |
| 942 ## - ADDED ENTRY ELEMENTS (KOHA) | |
| Source of classification or shelving scheme | |
| Koha item type | Book |
| Withdrawn status | Lost status | Source of classification or shelving scheme | Damaged status | Not for loan | Permanent Location | Current Location | Date acquired | Total Checkouts | Full call number | Barcode | Date last seen | Date last checked out | Price effective from | Koha item type |
|---|---|---|---|---|---|---|---|---|---|---|---|---|---|---|
| Military College of Engineering (MCE) | Military College of Engineering (MCE) | 02/24/2016 | 1 | CP-31 STAT-835 | MCE-CP31 | 02/24/2016 | 02/24/2016 | 02/24/2016 | Book |
